Biogeography: A study of plants in the ecosphere. (Record no. 27332)

MARC details
000 -LEADER
fixed length control field 00324nam a2200121Ia 4500
082 ## - DEWEY DECIMAL CLASSIFICATION NUMBER
Classification number 574.9
Item number TIV
100 ## - MAIN ENTRY--AUTHOR NAME
Personal name TIVY, Joy
245 #0 - TITLE STATEMENT
Title Biogeography: A study of plants in the ecosphere.
260 ## - PUBLICATION, DISTRIBUTION, ETC. (IMPRINT)
Place of publication Edinburgh
Name of publisher Oliver and Boyd
Year of publication 1971
650 ## - SUBJECT ADDED ENTRY--TOPICAL TERM
Topical Term Biogeography
942 ## - ADDED ENTRY ELEMENTS (KOHA)
Koha item type Books
Holdings
Withdrawn status Lost status Damaged status Not for loan Home library Current library Date acquired Full call number Accession Number Koha item type
        RRII Library RRII Library 16/12/2021 574.9 TIV 07958 Books